| 000 | 01173nam a2200397 a 4500 | ||
|---|---|---|---|
| 001 | vtls000013695 | ||
| 003 | NLI | ||
| 005 | 20210601181531.0 | ||
| 008 | 101125s1974 enkaf 000 0 eng | ||
| 020 |
_a71313216 _c£ 5.00 |
||
| 039 | 9 |
_y201011250107 _zVLOAD |
|
| 040 | 0 |
_aNLI _beng _cVERGIS-2003 |
|
| 041 | 0 | _aeng | |
| 044 | _aenk | ||
| 082 | 0 | 4 | _a628.3 |
| 100 | 1 |
_aWhite, J.B. _qJames Bernard _951710 |
|
| 245 | 1 | 4 |
_aThe design of sewers and sewage treatment works/ _cJ.B. White |
| 260 |
_aLondon: _bEdward Arnold, _cc1970 [1974 reprint] |
||
| 300 |
_aix, 293 p.: _bill.,plates; _c23 cm. |
||
| 500 | _aIncludes index | ||
| 650 | 0 |
_aSewage disposal plants _951711 |
|
| 650 | 0 |
_aSewarage _951712 |
|
| 650 | 0 |
_aPumping stations _951713 |
|
| 650 | 0 |
_aTanks _944658 |
|
| 650 | 0 |
_aSanitation, Household _951714 |
|
| 650 |
_aIncludes bibliographical reference and index _944102 |
||
| 887 | _aSivankalai S. | ||
| 901 |
_a413959 _b10/02/1975 |
||
| 902 | _aE 628.3 W 584 | ||
| 903 | _a03/03/2004 | ||
| 904 | _aSivankalai S. | ||
| 906 | _a012632 | ||
| 949 |
_AVIRTUAITEM _D10000 _F1 _X100 _6PUR000413959ENG _aE 628.3 W584 |
||
| 942 |
_2ddc _cBKS |
||
| 999 |
_c19032 _d19032 |
||